[Event "Hessen-ch"]
[Site "Frankfurt"]
[Date "2019.05.31"]
[Round "6"]
[White "Bethke, Richard"]
[Black "Rubsamen, Cornelius"]
[Result "1-0"]
[WhiteElo "2246"]
[BlackElo "2208"]
[PlyCount "113"]
[EventDate "2019.05.29"]
[EventType "swiss"]
[EventRounds "9"]
[EventCountry "GER"]
[SourceTitle "EXT 2020"]
[Source "ChessBase"]
[SourceDate "2019.10.17"]
[SourceVersion "1"]
[SourceVersionDate "2019.10.17"]
[SourceQuality "1"]

1. e4 e6 2. d4 d5 3. Nd2 Be7 4. Ngf3 Nf6 5. Bd3 c5 6. exd5 exd5 7. dxc5 Bxc5 8. 0-0 0-0 9. Nb3 Bb6 10. h3 Nc6 11. c3 Re8 12. Re1 Ne4 13. Be3 Bf5 14. Nbd4 Bg6 15. Qc2 Rc8 16. Nxc6 bxc6 17. Rad1 Qf6 18. Bxb6 axb6 19. c4 Red8 20. Re3 Ng5 21. Bxg6 Nxf3+ 22. Rxf3 Qxg6 23. Qxg6 hxg6 24. cxd5 cxd5 25. Rb3 Rd6 26. Kf1 Rc2 27. Rdd3 Kf8 28. Rdc3 Rxc3 29. Rxc3 Re6 30. Rd3 Rd6 31. Re3 Rc6 32. Ke1 g5 33. Kd2 f6 34. Re2 Kf7 35. a3 b5 36. Kd3 Rc4 37. Rc2 Re4 38. f3 Rf4 39. Rc5 b4 40. axb4 Rxb4 41. Kc3 Rb8 42. Rxd5 Ke6 43. Rd4 Rc8+ 44. Rc4 Ra8 45. Rc7 Ra1 46. Rxg7 Rg1 47. g4 Rf1 48. Rh7 Rxf3+ 49. Kc4 Kd6 50. b4 Kc6 51. b5+ Kb6 52. Kd5 f5 53. Rh5 f4 54. Rxg5 Rxh3 55. Rf5 f3 56. Ke6 Rh6+ 57. Kf7 1-0

[Event "US Open-111"]
[Site "Irvine"]
[Date "2010.08.05"]
[Round "?"]
[White "Rubsamen, Cornelius"]
[Black "Velikanov, Alexander"]
[Result "1/2-1/2"]
[WhiteElo "2233"]
[BlackElo "2082"]
[PlyCount "78"]
[EventDate "2010.07.31"]
[EventType "swiss"]
[EventRounds "9"]
[EventCountry "USA"]
[SourceTitle "CBM 137 Extra"]
[Source "ChessBase"]
[SourceDate "2010.09.01"]
[SourceVersion "1"]
[SourceVersionDate "2010.09.01"]
[SourceQuality "1"]

1. e4 e5 2. Nf3 Nf6 3. Nxe5 d6 4. Nf3 Nxe4 5. d4 d5 6. Bd3 Bd6 7. 0-0 0-0 8. c4 c6 9. cxd5 cxd5 10. Nc3 Nxc3 11. bxc3 Bg4 12. Rb1 Nd7 13. h3 Bh5 14. Rb5 Nb6 15. c4 Nxc4 16. Bxc4 Bxf3 17. Qxf3 dxc4 18. Rxb7 Be7 19. Qe2 Bf6 20. Qxc4 Qxd4 21. Qa6 Rfd8 22. Be3 Qd3 23. Qxd3 Rxd3 24. Rc1 Ra3 25. Rc2 h6 26. g4 Bg5 27. Bxg5 hxg5 28. Rcc7 Rf8 29. Rxa7 Rxh3 30. a4 Rf3 31. Rc5 Re8 32. Kf1 Re4 33. Rxg5 Ref4 34. Rh5 Rxf2+ 35. Kg1 Rf1+ 36. Kg2 R4f2+ 37. Kg3 Rf3+ 38. Kg2 R1f2+ 39. Kg1 Rf1+ 1/2-1/2

[Event "Las Vegas National op"]
[Site "Las Vegas"]
[Date "2010.06.12"]
[Round "3"]
[White "Krush, Irina"]
[Black "Rubsamen, Cornelius"]
[Result "1-0"]
[WhiteElo "2455"]
[BlackElo "2227"]
[PlyCount "111"]
[EventDate "2010.06.11"]
[EventType "swiss"]
[EventRounds "6"]
[EventCountry "USA"]
[SourceTitle "CBM 136 Extra"]
[Source "ChessBase"]
[SourceDate "2010.07.02"]
[SourceVersion "2"]
[SourceVersionDate "2010.07.15"]
[SourceQuality "1"]

1. d4 Nf6 2. c4 g6 3. Nc3 Bg7 4. e4 d6 5. Nf3 0-0 6. Be2 e5 7. 0-0 Na6 8. Be3 Ng4 9. Bg5 Qe8 10. dxe5 dxe5 11. h3 h6 12. Bd2 Nf6 13. Be3 Qe7 14. Nd5 Qd8 15. Qc2 c6 16. Nxf6+ Qxf6 17. c5 Nc7 18. Rad1 Be6 19. Nd2 Rfd8 20. a4 Rd7 21. b4 a6 22. Nc4 Rxd1 23. Rxd1 Bxc4 24. Bxc4 Rd8 25. Qb3 Rxd1+ 26. Qxd1 Qe7 27. Qd2 g5 28. Qd1 Ne8 29. Qg4 Nf6 30. Qc8+ Bf8 31. Qf5 Bg7 32. g3 Nd7 33. Kg2 Nf8 34. Qc8 Qd7 35. Qb8 Bf6 36. b5 axb5 37. axb5 Kg7 38. b6 Ne6 39. Be2 Qe7 40. Bh5 Nd8 41. Bg4 Kg6 42. Bc8 Kg7 43. Qc7 Kg6 44. Kf3 h5 45. Ke2 Kg7 46. Kd2 Kg6 47. Kc3 Kg7 48. Kc4 Kf8 49. Bd2 Ke8 50. Bc3 Kf8 51. f3 Ke8 52. Bxb7 Nxb7 53. Qxc6+ Kf8 54. Qd5 Nd8 55. c6 Ne6 56. Bb4 1-0

[Event "North American op 18th"]
[Site "Las Vegas"]
[Date "2008.12.26"]
[Round "1"]
[White "Shulman, Yuri"]
[Black "Rubsamen, Cornelius"]
[Result "1-0"]
[WhiteElo "2616"]
[BlackElo "2225"]
[PlyCount "61"]
[EventDate "2008.12.26"]
[EventType "swiss"]
[EventRounds "7"]
[EventCountry "USA"]
[SourceTitle "CBM 127 Extra"]
[Source "ChessBase"]
[SourceDate "2009.01.08"]
[SourceVersion "2"]
[SourceVersionDate "2009.01.28"]
[SourceQuality "1"]

1. d4 e6 2. c4 d5 3. Nf3 Nf6 4. Nc3 Be7 5. Bf4 0-0 6. e3 c5 7. dxc5 Bxc5 8. cxd5 Nxd5 9. Nxd5 exd5 10. a3 Nc6 11. Bd3 Bb6 12. 0-0 d4 13. e4 Bg4 14. h3 Qf6 15. hxg4 Qxf4 16. g5 Rfe8 17. g3 Qg4 18. Kg2 Ne5 19. Nxe5 Qxd1 20. Raxd1 Rxe5 21. f4 Re7 22. Rh1 g6 23. Rh6 Kg7 24. f5 f6 25. Rdh1 fxg5 26. Rxh7+ Kf6 27. Rxe7 Kxe7 28. fxg6 Kf6 29. e5+ Kxe5 30. Re1+ Kf6 31. Rf1+ 1-0

[Event "Las Vegas National op"]
[Site "Las Vegas"]
[Date "2008.06.06"]
[Round "2"]
[White "Pruess, David"]
[Black "Rubsamen, Cornelius"]
[Result "1/2-1/2"]
[WhiteElo "2425"]
[BlackElo "2211"]
[PlyCount "92"]
[EventDate "2008.06.06"]
[EventType "swiss"]
[EventRounds "6"]
[EventCountry "USA"]
[SourceTitle "CBM 124 Extra"]
[Source "ChessBase"]
[SourceDate "2008.07.03"]
[SourceVersion "1"]
[SourceVersionDate "2008.07.03"]
[SourceQuality "1"]

1. e4 e6 2. d4 d5 3. Nc3 Bb4 4. e5 c5 5. a3 Bxc3+ 6. bxc3 Ne7 7. h4 Nbc6 8. h5 Qa5 9. Bd2 Bd7 10. h6 gxh6 11. Nf3 0-0-0 12. Bd3 c4 13. Bf1 Ng8 14. g3 f5 15. Nh4 Nce7 16. Be2 Rf8 17. Qb1 Be8 18. Qb4 Qxb4 19. axb4 a6 20. Be3 Kc7 21. Kd2 Bf7 22. Ng2 Ra8 23. Nf4 b6 24. Nh5 Bxh5 25. Bxh5 Ng6 26. Ke2 a5 27. Rhb1 a4 28. b5 Ra5 29. Rb4 a3 30. Bc1 N8e7 31. Rxa3 Rxa3 32. Bxa3 Ra8 33. Bc1 Ra1 34. Bxh6 Rh1 35. Bxg6 hxg6 36. Bg5 Nc8 37. Kf3 Na7 38. Rb2 Ra1 39. Bd2 Kd7 40. g4 Ke7 41. Bg5+ Ke8 42. Bd2 Kf7 43. Kf4 Kg7 44. f3 Nc8 45. Kg3 Na7 46. Bg5 fxg4 1/2-1/2

[Event "Las Vegas National op"]
[Site "Las Vegas"]
[Date "2007.06.10"]
[Round "6"]
[White "Gurevich, Dmitry"]
[Black "Rubsamen, Cornelius"]
[Result "1-0"]
[WhiteElo "2518"]
[BlackElo "2138"]
[PlyCount "69"]
[EventDate "2007.06.08"]
[EventType "swiss"]
[EventRounds "6"]
[EventCountry "USA"]
[SourceTitle "CBM 118 Extra"]
[Source "ChessBase"]
[SourceDate "2007.07.04"]
[SourceVersion "1"]
[SourceVersionDate "2007.07.04"]
[SourceQuality "1"]

1. d4 Nf6 2. c4 g6 3. Nc3 Bg7 4. e4 d6 5. Nf3 0-0 6. Be2 e5 7. 0-0 Nc6 8. d5 Ne7 9. Ne1 Ne8 10. Be3 f5 11. f3 f4 12. Bf2 h5 13. Rc1 g5 14. c5 Rf6 15. Nb5 a6 16. Na7 Bd7 17. c6 bxc6 18. Nxc6 Nxc6 19. dxc6 Bc8 20. Bc4+ Kf8 21. Nd3 Rg6 22. Nc5 Qe7 23. Nd7+ Bxd7 24. cxd7 Nf6 25. Bd5 Rd8 26. Rxc7 Rxd7 27. Rc8+ Rd8 28. Qc2 g4 29. Bb6 Re8 30. Rc7 Nd7 31. Qc6 Rd8 32. Rb7 gxf3 33. Bxd8 Rxg2+ 34. Kh1 Qxd8 35. Qxd7 1-0

[Event "Las Vegas National op"]
[Site "Las Vegas"]
[Date "2007.06.08"]
[Round "1"]
[White "Rubsamen, Cornelius"]
[Black "Shabalov, Alexander"]
[Result "0-1"]
[WhiteElo "2138"]
[BlackElo "2606"]
[PlyCount "92"]
[EventDate "2007.06.08"]
[EventType "swiss"]
[EventRounds "6"]
[EventCountry "USA"]
[SourceTitle "CBM 118 Extra"]
[Source "ChessBase"]
[SourceDate "2007.07.04"]
[SourceVersion "1"]
[SourceVersionDate "2007.07.04"]
[SourceQuality "1"]

1. e4 c5 2. Nf3 Nc6 3. Nc3 e6 4. d4 cxd4 5. Nxd4 d6 6. Bc4 Nf6 7. Be3 Be7 8. f4 0-0 9. Qf3 e5 10. Nxc6 bxc6 11. fxe5 dxe5 12. 0-0 Qa5 13. Kh1 Kh8 14. h3 Rb8 15. Bg5 Qc7 16. Rf2 Ng4 17. hxg4 Bxg5 18. Raf1 f6 19. b3 Bd7 20. Nd1 Qb6 21. Re2 Rbd8 22. Nf2 Qc7 23. Ree1 Bc8 24. Rd1 Qe7 25. a4 Bd2 26. g3 Ba5 27. Kg2 Bb6 28. Nd3 g6 29. Rh1 Kg7 30. Rdf1 Qd7 31. Rh4 g5 32. Rh2 Qxg4 33. Rfh1 Rh8 34. Rh6 Qxf3+ 35. Kxf3 g4+ 36. Ke2 Ba5 37. b4 Rd4 38. bxa5 Rxe4+ 39. Kd2 Rxc4 40. R6h2 Rxa4 41. Nc5 Rxa5 42. Ne4 Bf5 43. Ke3 Ra3+ 44. c3 Rd8 45. Rh6 Rd4 46. Nxf6 Rd3+ 0-1

[Event "Internet Section 18-A"]
[Site "Dos Hermanas"]
[Date "2003.03.18"]
[Round "5"]
[White "Rubsamen, Cornelius"]
[Black "Hechtlinger, John"]
[Result "1-0"]
[WhiteElo "2138"]
[BlackElo "2155"]
[PlyCount "79"]
[EventDate "2003.03.18"]
[EventType "swiss (blitz)"]
[EventRounds "9"]
[EventCountry "ESP"]
[SourceTitle "EXT 2004"]
[Source "ChessBase"]
[SourceDate "2003.11.25"]
[SourceVersion "1"]
[SourceVersionDate "2003.11.25"]
[SourceQuality "1"]

1. e4 a6 2. d4 b5 3. Nf3 Bb7 4. Bd3 e6 5. 0-0 Nf6 6. e5 Nd5 7. Ng5 g6 8. Qf3 Qe7 9. Ne4 h6 10. Nf6+ Kd8 11. Be4 c6 12. Bxd5 cxd5 13. Nd2 d6 14. exd6 Qxd6 15. Nb3 g5 16. Nc5 Ra7 17. Bd2 Nc6 18. Nfd7 f5 19. c3 Bc8 20. Nxf8 Qxf8 21. Rfe1 Re7 22. a4 b4 23. cxb4 Nxd4 24. Qd3 e5 25. Bc3 Qg7 26. Rxe5 Rxe5 27. Bxd4 Rhe8 28. Bxe5 Qxe5 29. Rf1 g4 30. Nxa6 Qxb2 31. Qxd5+ Bd7 32. Nc5 Re7 33. Qa8+ Kc7 34. Qb7+ Kd6 35. Qb8+ Kd5 36. Rd1+ Kc4 37. Qf4+ Re4 38. Nxe4 fxe4 39. Qxe4+ Kb3 40. Qd4 1-0

[Event "Internet Section 18-A"]
[Site "Dos Hermanas"]
[Date "2003.03.18"]
[Round "8"]
[White "Sorkin, Igor"]
[Black "Rubsamen, Cornelius"]
[Result "1-0"]
[WhiteElo "2351"]
[BlackElo "2138"]
[PlyCount "97"]
[EventDate "2003.03.18"]
[EventType "swiss (blitz)"]
[EventRounds "9"]
[EventCountry "ESP"]
[SourceTitle "EXT 2004"]
[Source "ChessBase"]
[SourceDate "2003.11.25"]
[SourceVersion "1"]
[SourceVersionDate "2003.11.25"]
[SourceQuality "1"]

1. d4 Nf6 2. c4 g6 3. Nc3 Bg7 4. e4 d6 5. Nf3 0-0 6. Be2 e5 7. 0-0 Nc6 8. d5 Ne7 9. Nd2 a5 10. b3 c5 11. a3 Ne8 12. Rb1 f5 13. b4 axb4 14. axb4 b6 15. Qb3 Nf6 16. bxc5 bxc5 17. Qb6 Bh6 18. Qxd8 Rxd8 19. Bd3 fxe4 20. Ndxe4 Nxe4 21. Nxe4 Bxc1 22. Rfxc1 Bf5 23. Rb7 Bxe4 24. Bxe4 Nf5 25. Bxf5 gxf5 26. h4 Rdb8 27. Rd7 Rd8 28. Rc7 Rdc8 29. Rxc8+ Rxc8 30. Rb1 Kg7 31. Rb7+ Kg6 32. Rd7 f4 33. Rxd6+ Kf5 34. f3 e4 35. fxe4+ Ke5 36. Rc6 Rg8 37. Kf2 Kxe4 38. Rxc5 Kd4 39. Rc7 Rg6 40. Kf3 Rg3+ 41. Kxf4 Rxg2 42. d6 Rf2+ 43. Kg5 Ke5 44. d7 Rd2 45. c5 Ke6 46. c6 Ke7 47. Rc8 Rd6 48. Re8+ Kf7 49. d8Q 1-0

[Event "US Open-99"]
[Site "Kailua Kona"]
[Date "1998.08.03"]
[Round "3"]
[White "Rubsamen, Cornelius"]
[Black "Garbett, Paul Anthony"]
[Result "0-1"]
[WhiteElo "2110"]
[BlackElo "2360"]
[PlyCount "98"]
[EventDate "1998.08.01"]
[EventType "swiss"]
[EventRounds "9"]
[EventCountry "USA"]
[SourceTitle "EXT 1999"]
[Source "ChessBase"]
[SourceDate "1998.11.16"]
[SourceVersion "1"]
[SourceVersionDate "1998.11.16"]
[SourceQuality "1"]

1. e4 c5 2. Nf3 e6 3. d4 cxd4 4. Nxd4 Nc6 5. Nc3 Qc7 6. Nxc6 dxc6 7. Bd3 e5 8. 0-0 Nf6 9. Qe2 Be7 10. Be3 0-0 11. a3 b5 12. a4 b4 13. Nb1 c5 14. Nd2 Be6 15. f3 Rfd8 16. Bc4 Bxc4 17. Nxc4 Nd7 18. Rfd1 Nf8 19. Rxd8 Rxd8 20. Rd1 f6 21. Rxd8 Qxd8 22. Qd2 Qxd2 23. Nxd2 Ne6 24. Kf2 Kf7 25. Ke2 Ke8 26. Kd3 Kd7 27. Kc4 Kc6 28. Nb3 g6 29. g4 Bf8 30. Nd2 Nd8 31. Kd3 Nb7 32. Nc4 g5 33. Bf2 Be7 34. Ne3 Nd6 35. Nf5 c4+ 36. Kd2 Nxf5 37. gxf5 Bc5 38. Bg3 Bd4 39. b3 Kc5 40. Ke2 a6 41. Be1 a5 42. h4 h6 43. hxg5 hxg5 44. Bd2 Bc3 45. Bc1 Ba1 46. Bd2 Kd4 47. Kd1 cxb3 48. cxb3 Kd3 49. Bc1 Bc3 0-1

[Event "US Masters op"]
[Site "Hawaii"]
[Date "1998.07.25"]
[Round "5"]
[White "Zaremba, Andrie"]
[Black "Rubsamen, Cornelius"]
[Result "1-0"]
[WhiteElo "2245"]
[BlackElo "2110"]
[PlyCount "77"]
[EventDate "1998.07.??"]
[EventType "swiss"]
[EventRounds "9"]
[EventCountry "USA"]
[SourceTitle "EXT 1999"]
[Source "ChessBase"]
[SourceDate "1998.11.16"]
[SourceVersion "1"]
[SourceVersionDate "1998.11.16"]
[SourceQuality "1"]

1. Nf3 Nf6 2. c4 g6 3. g3 Bg7 4. Bg2 0-0 5. 0-0 d6 6. Nc3 Nc6 7. d3 e5 8. Rb1 a5 9. a3 h6 10. b4 axb4 11. axb4 Be6 12. b5 Ne7 13. Qc2 Qd7 14. c5 Ned5 15. Nxd5 Bxd5 16. e4 Be6 17. c6 Qc8 18. d4 bxc6 19. dxe5 Nxe4 20. Qxe4 Bf5 21. Qb4 Rb8 22. Nd4 Bxb1 23. Qxb1 cxb5 24. Nc6 Qd7 25. Nxb8 Rxb8 26. exd6 Qxd6 27. Bf4 Be5 28. Rd1 Qf6 29. Bxe5 Qxe5 30. Rd7 Re8 31. Bd5 Qe1+ 32. Qxe1 Rxe1+ 33. Kg2 c5 34. Bxf7+ Kf8 35. Bxg6 Re6 36. Bf5 Re5 37. g4 c4 38. Rc7 Re2 39. Rc5 1-0

[Event "US Masters op"]
[Site "Hawaii"]
[Date "1998.??.??"]
[Round "4"]
[White "Rubsamen, Cornelius"]
[Black "Salman, Joel"]
[Result "1/2-1/2"]
[WhiteElo "2110"]
[BlackElo "2240"]
[PlyCount "64"]
[EventDate "1998.07.??"]
[EventType "swiss"]
[EventRounds "9"]
[EventCountry "USA"]
[SourceTitle "EXT 1999"]
[Source "ChessBase"]
[SourceDate "1998.11.16"]
[SourceVersion "1"]
[SourceVersionDate "1998.11.16"]
[SourceQuality "1"]

1. e4 c5 2. Nf3 Nc6 3. d4 cxd4 4. Nxd4 Nf6 5. Nc3 e5 6. Ndb5 d6 7. Bg5 a6 8. Na3 b5 9. Nd5 Be7 10. Bxf6 Bxf6 11. c3 Bg5 12. Nc2 0-0 13. a4 bxa4 14. Rxa4 a5 15. Bc4 Rb8 16. b3 g6 17. Qd3 Kh8 18. 0-0 f5 19. f3 Ne7 20. Nce3 Bxe3+ 21. Qxe3 Nxd5 22. Bxd5 fxe4 23. Qxe4 Qb6+ 24. Kh1 Rf4 25. Qd3 Rxa4 26. bxa4 Bd7 27. Qe4 Bf5 28. Qh4 Qd8 29. Qf2 Qb6 30. Qh4 Qd8 31. Qf2 Bd7 32. f4 Bf5 1/2-1/2